| 000 | 00843nmm a2200265 a 4500 | ||
|---|---|---|---|
| 001 | ocm0002347298 | ||
| 003 | TR-IsHL | ||
| 005 | 20201028184534.0 | ||
| 008 | 190511s2019 tu eng | ||
| 007 | cr cn | ||
| 020 | _a9786057861221 | ||
| 035 |
_a2347298 _b(N$T) |
||
| 050 | 0 | 4 |
_aPR5818 _b.I2 2019 |
| 090 | 0 | 4 |
_aPR5818 _b.I2 2019 |
| 100 | 1 | _aWilde, Oscar | |
| 245 | 1 | 0 |
_aAn ideal husband _h[electronic resource] / _cOscar Wilde |
| 260 |
_aİstanbul : _be-Kitap Projesi & Cheapest Books, _c2019 |
||
| 300 | _a147 p. | ||
| 650 | 4 | _aDil ve Edebiyat | |
| 650 | 4 | _aLanguage and Literature | |
| 650 | 0 | _aİngiliz piyesi | |
| 650 | 0 | _aEngland drama | |
| 650 | 7 |
_aDRAMA / European / English, Irish, Scottish, Welsh _2bisacsh |
|
| 856 | 4 | 0 | _uhttp://search.ebscohost.com/login.aspx?direct=true&scope=site&db=e011xww&AN=2347298 |
| 999 |
_c21044 _d21044 |
||